000
003500000a22001570004500
060
_a
100
082
_a
581.012 TAX
100
_a
Sharma, B B
100
_a
Trivedi, B S
245
_a
Introductory taxonomy: angiosperms
260
_a
Allahabad, Kitab Mahal
260
_c
1968
300
_a
320
650
_a
Taxonomy/ angiosperms
942
_c
BK
999
_c
359620
_d
359620